000 00569cam a2200193 4500500
005 20260329004034.0
041 _afre
042 _adc
100 1 0 _aTenaillon, Nicolas
_eauthor
245 0 0 _aAristote au soleil de l’être
260 _c2018.
500 _a37
690 _aBernard Sichère
690 _aGrèce
690 _aSource
690 _aTraduction
786 0 _nPhilosophie magazine | 117 | 3 | 2018-03-01 | p. 55-55 | 1951-1787
856 4 1 _uhttps://shs.cairn.info/magazine-philosophie-magazine-2018-3-page-55?lang=fr&redirect-ssocas=7080
999 _c1830014
_d1830014